000 00700nam a22001937a 4500
003 CO-ViMGA
008 180413b ||||| |||| 00| 0 eng d
020 _a9788499401850
040 _aCO-ViMGA
_bspa
_cCO-ViMGA
082 0 4 _a711
_bF37p
100 1 _aFernandez Alba, Antonio
_d2011
_912350
245 1 0 _aLas primaveras de ilion:
_bEscritos sobre arquitectura y ciudad,1990-2010/
_cAntonio fernandez alba ;
250 _aEdicion especial :
260 _aMadrid
_bBiblioteca nueva , S.L.,
_c2011
300 _a[318] Pag:
_bIlustracciones a blanco y negro ;
490 _a(sobre grabado de la arquitectura candelaria alarcon )
650 1 4 _aEscritos Arquitectura.
_912351
942 _2ddc
_cBK
999 _c36998
_d36998